Некоторые результаты определения изотопного состава углерода нефтей, газов, конденсатов и рассеянного органического вещества Западной Сибири; Известия Томского политехнического института [Известия ТПИ]; Т. 216 : Вопросы геологии и освоения нефтяных и газовых месторождений Томской области
| Parent link: | Известия Томского политехнического института [Известия ТПИ]/ Томский политехнический институт (ТПИ).— , 1944-1976 Т. 216 : Вопросы геологии и освоения нефтяных и газовых месторождений Томской области.— 1971.— [С. 9-15] |
|---|---|
| その他の著者: | , , , , |
| 要約: | Заглавие с титульного листа Электронная версия печатной публикации |
| 言語: | ロシア語 |
| 出版事項: |
1971
|
| 主題: | |
| オンライン・アクセス: | Черно-белая версия для предварительного просмотра Цветная версия без потери качества |
| フォーマット: | MixedMaterials 電子媒体 図書の章 |
| KOHA link: | https://koha.lib.tpu.ru/cgi-bin/koha/opac-detail.pl?biblionumber=225414 |
MARC
| LEADER | 00000nla2a2200000 4500 | ||
|---|---|---|---|
| 001 | 225414 | ||
| 005 | 20231031200950.0 | ||
| 035 | |a (RuTPU)RU\TPU\book\245758 | ||
| 035 | |a RU\TPU\book\245757 | ||
| 090 | |a 225414 | ||
| 100 | |a 20121109d1971 k y0rusy50 ca | ||
| 101 | 0 | |a rus | |
| 102 | |a RU | ||
| 135 | |a drnn ---uucaa | ||
| 181 | 0 | |a i | |
| 182 | 0 | |a b | |
| 200 | 1 | |a Некоторые результаты определения изотопного состава углерода нефтей, газов, конденсатов и рассеянного органического вещества Западной Сибири |b Электронный ресурс |f Н. К. Григорьев [и др.] | |
| 203 | |a Текст |c электронный | ||
| 215 | |a 2 файла (378 Кб, 11.3 Мб) | ||
| 230 | |a Электронные текстовые данные (2 файла : 378 Кб, 11.3 Мб) | ||
| 300 | |a Заглавие с титульного листа | ||
| 300 | |a Электронная версия печатной публикации | ||
| 320 | |a [Библиогр.: с. 15 (11 назв.)] | ||
| 337 | |a Adobe Reader | ||
| 461 | 1 | |0 (RuTPU)RU\TPU\book\200995 |t Известия Томского политехнического института [Известия ТПИ] |f Томский политехнический институт (ТПИ) |d 1944-1976 | |
| 463 | 1 | |0 (RuTPU)RU\TPU\book\245755 |t Т. 216 : Вопросы геологии и освоения нефтяных и газовых месторождений Томской области |v [С. 9-15] |d 1971 |p 100 с. | |
| 610 | 1 | |a электронный ресурс | |
| 610 | 1 | |a труды учёных ТПУ | |
| 701 | 1 | |a Григорьев |b Н. К. | |
| 701 | 1 | |a Ефремов |b В. М. | |
| 701 | 1 | |a Кокунов |b В. Л. | |
| 701 | 1 | |a Конторович |b А. Э. | |
| 701 | 1 | |a Кумыков |b В. Х. | |
| 801 | 1 | |a RU |b 63413507 |c 20090320 |g PSBO | |
| 801 | 2 | |a RU |b 63413507 |c 20130218 |g PSBO | |
| 856 | 4 | |u http://www.lib.tpu.ru/fulltext/v/Bulletin_TPU/1971/v216/02_bw.pdf |z Черно-белая версия для предварительного просмотра | |
| 856 | 4 | |u http://www.lib.tpu.ru/fulltext/v/Bulletin_TPU/1971/v216/02_full.pdf |z Цветная версия без потери качества | |
| 942 | |c CF | ||